Welcome to the Holygrace Academy Library

Please use search bar below to get started

THE GIRL WHO PLAYED WITH FIRE (Record no. 2461)

MARC details
000 -LEADER
fixed length control field 00606nam a22001457a 4500
020 ## - INTERNATIONAL STANDARD BOOK NUMBER
ISBN 978-1-906694-15-9
082 ## - DEWEY DECIMAL CLASSIFICATION NUMBER
Classification number 823
Item number LAR/G
100 ## - MAIN ENTRY--AUTHOR NAME
Personal name LARSSON,STIEG
245 ## - TITLE STATEMENT
Title THE GIRL WHO PLAYED WITH FIRE
260 ## - PUBLICATION, DISTRIBUTION, ETC. (IMPRINT)
Place of publication LONDON
Name of publisher MACLEHOSE PRESS
300 ## - PHYSICAL DESCRIPTION
Number of Pages 649
520 ## - SUMMARY, ETC.
Summary, etc On the eve of its publication, the two reporters responsible for the article are murdered, and the fingerprints found on the murder weapon belong to his friend, the troubled genius hacker Lisbeth Salander. Blomkvist, convinced of Salander's innocence, plunges into an investigation.
650 ## - SUBJECT ADDED ENTRY--TOPICAL TERM
Topical Term NOVEL,ENGLISH
Geographic subdivision LONDON
942 ## - ADDED ENTRY ELEMENTS (KOHA)
Koha item type Books
Holdings
Withdrawn status Lost status Collection code Home library Current library Shelving location Date acquired Source of acquisition Full call number Accession Number Koha item type
    Fiction Main Library Main Library SHELF-2-E ENGLIAH NOVEL TEACHERS 15/06/2009 PURCHASE 823 LAR/G 04818 Books